00810nam a2200205 i 450000100060000000300090000600500170001500700030003200800410003510000290007624501720010526000390027730000220031670000350033870000310037370000290040485200320043399900170046595201220048250526ES-MaACL20230906162209.0t|030805s1967 sp ||||1| spa d1 aChabod, Federico.93773010aHistoria de la idea de Europa / cFederico Chabod ; traducción de José Mª Gimeno sobre la 4ª edición italiana, preparada por Ernesto Sestán y Armando Saitta. a[Madrid] : bNorte y Sur, c[1967] a203 p. ; c20 cm.1 aGimeno, José María.9570811 aSestán, Ernesto.91058881 aSaitta, Armando.9101618 aES-MaACLjC-34437 bR.65043 c50526d50526 00104070aATENEOMbATENEOMcDEPO2d2008-01-17eSCl0oC-34437p1053148r2023-02-23 00:00:00w2023-02-23yMONOGRAFIA